000 01337nam a2200349Ia 4500
001 ebr10053394
003 CaPaEBR
006 m u
007 cr cn|||||||||
008 040624s2002 maua gsb 001 0 eng d
020 _z030647719X
040 _aCaPaEBR
_cCaPaEBR
035 _a(OCoLC)70754681
050 1 4 _aQB529
_b.B46 2002eb
100 1 _aBenz, A. O.
245 1 0 _aPlasma astrophysics
_h[electronic resource] :
_bkinetic processes in solar and stellar coronae /
_cby Arnold O. Benz.
250 _a2nd ed.
260 _aBoston :
_bKluwer Academic,
_cc2002.
300 _axviii, 301 p. :
_bill.
490 1 _aAstrophysics and space science library ;
_vv. 279
504 _aIncludes bibliographical references and index.
533 _aElectronic reproduction.
_bPalo Alto, Calif. :
_cebrary,
_d2009.
_nAvailable via World Wide Web.
_nAccess may be limited to ebrary affiliated libraries.
650 0 _aStars
_xCorona.
650 0 _aPlasma astrophysics.
650 0 _aPlasma dynamics.
650 0 _aParticle beams.
651 0 _aSun
_xCorona.
655 7 _aElectronic books.
_2local
710 2 _aebrary, Inc.
830 0 _aAstrophysics and space science library ;
_vv. 279.
856 4 0 _uhttp://site.ebrary.com/lib/rucke/Doc?id=10053394
_zAn electronic book accessible through the World Wide Web; click to view
999 _c65653
_d65653